00533nam a22001577a 450000500170000002000230001703500110004003700110005108200100006210000490007224501150012126000660023627000150030230000520031749000060036920120426133823.0 c250.00a8187247177 aB-9104 b adpl a370.1 aशर्मा, राजेन्द्र1 aशिक्षा के दार्शनिक आधार /cराजेन्द्र शर्मा aजयपुरbश्याम प्रकाशन c2000 a b e k  a224पृ.c22सेमी (सजिल्द) a